[Event "Durban USSA op"]
[Site "Durban"]
[Date "2023.12.07"]
[Round "7"]
[White "Njoku, Greatman"]
[Black "Salem, Abdarahim"]
[Result "0-1"]
[WhiteElo "1312"]
[BlackElo "1631"]
[PlyCount "98"]
[EventDate "2023.12.04"]
[EventType "swiss"]
[EventRounds "9"]
[EventCountry "RSA"]
[SourceTitle "CB50_2023"]
[SourceDate "2023.12.13"]
[SourceVersion "1"]
[SourceVersionDate "2023.12.13"]
[SourceQuality "1"]

1. Nf3 d6 2. d4 Nf6 3. c4 Nbd7 4. Nc3 c6 5. e4 e5 6. h3 Be7 7. Be2 h6 8. Be3 Qc7 9. Qc2 a6 10. Rc1 Nf8 11. a3 g5 12. c5 Ng6 13. cxd6 Bxd6 14. dxe5 Nxe5 15. Na4 Nxf3+ 16. Bxf3 Nd7 17. b4 Bf4 18. Qc3 Rg8 19. Bg4 Bxe3 20. Qxe3 Rb8 21. 0-0 Ne5 22. Bxc8 Rxc8 23. f4 gxf4 24. Rxf4 Nd3 25. Qxd3 Qxf4 26. Rd1 Kf8 27. Nb6 Re8 28. Nd7+ Ke7 29. e5 Rg6 30. Nf6 Rxf6 31. exf6+ Qxf6 32. Qd7+ Kf8 33. Rf1 Qe7 34. Qf5 Kg7 35. Rf3 Qe1+ 36. Kh2 Qe5+ 37. Rg3+ Kf8 38. Qd7 Qb8 39. Qd4 Qe5 40. Qh4 Qd6 41. Qg4 Re3 42. Qc8+ Ke7 43. Qg4 Rxa3 44. Qh4+ Kf8 45. Qg4 Qxg3+ 46. Qxg3 Rxg3 47. Kxg3 Kg7 48. Kf4 Kf6 49. Ke4 b6 0-1